01270nabaa22001937a 4500003000400000005001700004008004100021040000700062100002300069245014700092300001300239500003600252505051500288505008900803650002700892650001700919650002700936773011300963OSt20260123204732.0190701b xxu||||| |||| 00| 0 spa d cPJ aSalgan Ruiz, Pablo13aLos dictámenes de la Procuración del Tesoro de la Nación :cuna fuente estratégica del derecho administrativo /bPablo Salgán Ruiz.  ap. 70-94 aCita: TR LALEY AR/DOC/452/2024  aSumario: I. Planteo del tema.— II. Marco teórico de la investigación.— III. Antecedentes bibliográficos e históricos: las compilaciones oficiales (1874-1954).— IV. El contexto institucional previo: la Procuración del Tesoro (1922-1942).— V. El contexto organizacional: oficinas, funciones, herramientas y personas.— VI. La doctrina de los dictámenes de la Procuración del Tesoro.— VII. La Colección de Dictámenes de la Procuración del Tesoro, hoy.— VIII. Reflexiones finales.  t¿Te interesa el texto completo? Comunicate al correo: koha@justierradelfuego.gov.ar 0aDERECHO ADMINISTRATIVO 0aDICTÁMENES 0aPROCURACION DEL TESORO0 02842dBuenos Aires : AbeledoPerrot, 2012-oDA121tDerecho administrativo. Nº 152 marzo/abril 2024z18510590